Návrh a realizácia programu na riadenie a vizualizáciu vetrania garáže

Gespeichert in:
Bibliographische Detailangaben
1. Verfasser: Lenčéš, Igor (Verfasst von)
Weitere Verfasser: Špendla, Lukáš (Betreuung Doktorarbeit)
Format: Manuskript Buch
Sprache:Slowakisch
Veröffentlicht: 2021
Schlagworte:
Online-Zugang:http://is.stuba.sk/zp/portal_zp.pl?podrobnosti=148718
Tags: Tag hinzufügen
Keine Tags, Fügen Sie das erste Tag hinzu!

MARC

LEADER 00000ntm a22000003a 4500
001 stuzp83826
003 SK-STU
005 20210703212316.3
007 ta
008 150427s2015----xo-----f-mn---000-0-slo-d
040 |a STU  |b slo 
041 0 |a slo 
100 1 |a Lenčéš, Igor  |u 066000  |4 aut  |U MTF Materiálovotechnologická fakulta  |T MTF Ústav aplikovanej informatiky, automatizácie a mechatroniky  |X 97200  |U M6000  |Y 86  |7 97200 
242 0 1 |a Design and implementation of software for control and visualization of garage ventilation  |y eng 
245 1 0 |a Návrh a realizácia programu na riadenie a vizualizáciu vetrania garáže 
260 |c 2021 
650 4 |a C#  |2 slo 
650 4 |a vetranie podzemnej garáže  |2 slo 
650 4 |a vizualizačný systém  |2 slo 
650 4 |a cloudová databáza  |2 slo 
650 4 |a ModbusTCP  |2 slo 
650 4 |a cloud database  |2 eng 
650 4 |a underground garage ventilation  |2 eng 
650 4 |a C#  |2 eng 
650 4 |a visualization system  |2 eng 
650 4 |a ModbusTCP  |2 eng 
700 1 |a Špendla, Lukáš  |u 066000  |k Z1  |4 ths  |U MTF Materiálovotechnologická fakulta  |T MTF Ústav aplikovanej informatiky, automatizácie a mechatroniky  |X 52333  |U M6000  |Y 86  |7 A000052333 
856 4 |u http://is.stuba.sk/zp/portal_zp.pl?podrobnosti=148718 
996 |c M* BP-9130  |l MMSKP  |s P  |a 0  |w stuzp83826_0001